Energy balances in Japan

Gardado en:
Detalles Bibliográficos
Formato: Libro
Idioma:Undetermined
Publicado: Tokyo 1980
Những chủ đề:
Các nhãn: Engadir etiqueta
Sen Etiquetas, Sexa o primeiro en etiquetar este rexistro!
Thư viện lưu trữ: Trung tâm Học liệu Trường Đại học Cần Thơ
LEADER 00382nam a2200145Ia 4500
001 CTU_98827
008 210402s9999 xx 000 0 und d
082 |a 333.79 
082 |b E56 
245 0 |a Energy balances in Japan 
260 |a Tokyo 
260 |c 1980 
650 |a Energy industries,Power resources 
904 |i Truc 
980 |a Trung tâm Học liệu Trường Đại học Cần Thơ